000 00774cam a22002533a 4500
001 18945
003 PGUSA
005 20140828083413.0
008 060730s2006||||xxu|||||s|||||000 1 eng d
040 _aPGUSA
_beng
042 _adc
050 4 _aPS
100 1 _aBurnett, Frances Hodgson,
_d1849-1924
245 1 0 _aRobin
_h[electronic resource] /
_cFrances Hodgson Burnett
260 _bProject Gutenberg,
_c2006
500 _aSequel to The head of the house of Coombe.
506 _aPublic domain in the USA.
516 _aElectronic text
653 _aEngland -- Social life and customs -- Fiction
653 _aWorld War, 1914-1918 -- England -- Fiction
830 0 _aProject Gutenberg
_v18945
856 4 0 _uhttp://www.gutenberg.org/ebooks/18945
942 _cEB
999 _c248200
_d248200